Central Library OPAC University of Rajshahi

কূটনৈতিক সাফল্যের চূড়ায় শেখ হাসিনা / (Record no. 76421)

MARC details
000 -LEADER
fixed length control field 00771nam a22002177a 4500
001 - CONTROL NUMBER
control field 76421
003 - CONTROL NUMBER IDENTIFIER
rucl marc code BD-RjUL
005 - DATE AND TIME OF LATEST TRANSACTION
control field 20211209082836.0
008 - FIXED-LENGTH DATA ELEMENTS--GENERAL INFORMATION
fixed length control field 191203s2019 bg ||||| |||| 00| 0 ben d
020 ## - INTERNATIONAL STANDARD BOOK NUMBER
International Standard Book Number 9789849362708
035 ## - SYSTEM CONTROL NUMBER
System control number (BD-RjUL)76642
040 ## - CATALOGING SOURCE
Original cataloging agency BD-RjUL
Language of cataloging eng
Transcribing agency BD-RjUL
041 ## - LANGUAGE CODE
Language code of text/sound track or separate title eng
082 ## - DEWEY DECIMAL CLASSIFICATION NUMBER
Edition number 23
Classification number 954.9205092
Author mark and year PAK 2019
245 ## - TITLE STATEMENT
Title কূটনৈতিক সাফল্যের চূড়ায় শেখ হাসিনা /
Statement of responsibility, etc. রাজীব পারভেজ
260 ## - PUBLICATION, DISTRIBUTION, ETC. (IMPRINT)
Place of publication, distribution, etc. ঢাকা :
Name of publisher, distributor, etc. শ্রাবণ প্রকাশনী,
Date of publication, distribution, etc. ২০১৯
300 ## - PHYSICAL DESCRIPTION
Pagination ১৭৬ পৃ. ;
Size ২২ সেমি.
600 ## - SUBJECT ADDED ENTRY--PERSONAL NAME
Personal name Sheikh, Hasina
650 ## - SUBJECT ADDED ENTRY--TOPICAL TERM
Topical term or geographic name as entry element Prime ministers
Geographic subdivision Bangladesh
General subdivision Biography.
9 (RLIN) 235948
942 ## - ADDED ENTRY ELEMENTS (KOHA)
Source of classification or shelving scheme Dewey Decimal Classification
Koha item type Books
Holdings
Lost status Source of classification or shelving scheme Damaged status Not for loan Permanent Location Current Location Shelving location Date acquired Source of acquisition Cost, normal purchase price Total Checkouts Full call number Date last seen Copy number Koha item type
  Dewey Decimal Classification   Not For Loan Central Library, University of Rajshahi Central Library, University of Rajshahi Reading Room 24/09/2019 Vidyasagar, Rajshahi 280.00   B 954.9205092 PAK 2019 03/12/2019 C-1 Books